| 000 | 00882cab a2200253 4500 | ||
|---|---|---|---|
| 001 | ABS43479 | ||
| 008 | 090401t1990 xxu||||| |||| 00| 0 eng d | ||
| 035 | _a(Sirsi) u41947 | ||
| 041 | _aeng | ||
| 100 | _aO`Reilly, M.P. | ||
| 245 | _aStructural survey reports and the law | ||
| 260 | _c1990 | ||
| 350 | _a0 | ||
| 490 |
_aStructural Engineer _v68(19) 2 October 1990, 393-394(2) |
||
| 520 | _aExplores how a structural survey or may be liable for negligent statements contained in his report and how liability may be avoided by the use of exclusion clauses and disclaimers and by taking commonsense precautions. | ||
| 650 | _aELEY V KING AND CHASEMORE | ||
| 650 | _aNEGLIGENCE | ||
| 650 | _aSMITH V BUSH | ||
| 650 | _aSURVEYOR | ||
| 650 | _aUNFAIR CONTRACT TERMS ACT 1977 S2 | ||
| 690 | _aBUILT ENVIRONMENT-BUILDING INSPECTION | ||
| 942 | _n0 | ||
| 948 | _c04/03/1997 | ||
| 999 |
_c26937 _d26937 |
||